000 00399pab a2200145 454500
008 180718b2008 xxu||||| |||| 00| 0 eng d
100 _aSaini, Vipin
245 _aGrowth of towns in different size classes: study of a less developed region
260 _c2008
300 _ap.93-97.
650 _aUrban development
773 _aIndian Journal of Regional Science
908 _aN
909 _a79374
999 _c79374
_d79374